| 000 | 00936cab a2200253 4500 | ||
|---|---|---|---|
| 001 | WB2744-03 | ||
| 008 | 090401t1991 xxu||||| |||| 00| 0 eng d | ||
| 035 | _a(Sirsi) u39864 | ||
| 041 | _aeng | ||
| 245 | _aDocklands is surviving | ||
| 260 | _c1991 | ||
| 350 | _a0 | ||
| 490 |
_aFinancial Times _v9 November 1991, XI(2) |
||
| 520 | _aIn spite of gloomy reports on empty property in Docklands, some developments have overcome the barrier of being in the East End and are attracting buyers. Also, it is not until 1992 that large numbers of office workers and Marks & Spencer arrive in Canary Wharf. | ||
| 650 | _aCANARY WHARF | ||
| 650 | _aISLE OF DOGS | ||
| 650 | _aLONDON DOCKLANDS | ||
| 650 | _aPROPERTY MARKET | ||
| 690 | _aPROPERTY-COMMERCIAL PROPERTY-COMMERCIAL PROPERTY MARKET | ||
| 690 | _aDEVELOPMENT | ||
| 690 | _aPROPERTY-RESIDENTIAL PROPERTY-RESIDENTIAL PROPERTY MARKET | ||
| 942 | _n0 | ||
| 948 | _c04/03/1997 | ||
| 999 |
_c25516 _d25516 |
||